000 00372nam a2200121Ia 4500
003 GCL
008 140319s9999 xx 000 0 ara d
040 _aGCL /
_cGCL
082 0 4 _a810.9
_bس م
245 1 0 _aمكونات الادب المقارن فى العالم العربى
260 _a[S.N] :
_bالشركة العالمية للكتاب ش م ل ،
_c1987
490 _a
999 _c54940
_d54940